| 000 | 00000nas 2200000za 4500 |
| 001 | 9.834987 |
| 003 | CaOODSP |
| 005 | 20230720093658 |
| 007 | cr ||||||||||| |
| 008 | 170407c19959999onc x m o||||f0 |0iku|d |
| 040 | |aCaOODSP|bfre |
| 043 | |an-cn--- |
| 086 | 1 |aYC28-0S-PDF |
| 110 | 1 |aCanada. |bParlement. |bSénat. |bComité sénatorial permanent des peuples autochtones. |
| 245 | 10|a[Rapport du Comité sénatorial permanent des peuples autochtones] |h[ressource électronique]. |
| 260 | |aOttawa : |bSénat, |c[1995]- |
| 310 | |aIrrégulier |
| 362 | 1 |aParaît depuis : 35e législature, 1re session, 3e rapport. |
| 500 | |aTitre français fourni par l’éditeur. |
| 546 | |bDisponible aussi en anglais et en français. |
| 692 | 07|2gccst|aLégislation |
| 692 | 07|2gccst|aAutochtones |
| 775 | 08|tRapport du Comité sénatorial permanent des peuples autochtones |w(CaOODSP)9.501664 |
| 791 | |t[Report of the Standing Senate Committee on Aboriginal Peoples] |eeng|w(CaOODSP)9.834986 |